| 000 | 00000nam 2200000zi 4500 |
| 001 | 9.945461 |
| 003 | CaOODSP |
| 005 | 20241122132741 |
| 006 | m o d f |
| 007 | cr cn||||||||| |
| 008 | 241122e199101 onca ob f000 0 fre d |
| 020 | |z0662579429 |
| 040 | |aCaOODSP|bfre|erda|cCaOODSP |
| 043 | |an-cn--- |
| 086 | 1 |aCo22-97/1990F-PDF|zCo22-97/1990 |
| 100 | 1 |aMalhotra, Satya, |eauteur. |
| 245 | 13|aLe rôle du Canada dans le développement de normes EDI / |cpar Satya Malhotra. |
| 264 | 1|aOttawa (Ontario) : |bCommunications Canada, |cjanvier 1991. |
| 264 | 4|c©1991 |
| 300 | |a1 ressource en ligne (vii, 82 pages) : |billustrations |
| 336 | |atexte|btxt|2rdacontent/fre |
| 337 | |ainformatique|bc|2rdamedia/fre |
| 338 | |aressource en ligne|bcr|2rdacarrier/fre |
| 500 | |aÉdition numérisée de l'imprimé [par Innovation, sciences et développement économique Canada]. |
| 500 | |aPublié aussi en anglais sous le titre : Canadian participation in the development of EDI standards. |
| 504 | |aComprend des références bibliographiques (pages 69-82). |
| 650 | 6|aÉchange électronique d'information|xNormes. |
| 650 | 6|aÉchange électronique d'information|xNormes|zCanada. |
| 710 | 1 |aCanada. |bCommunications Canada, |eorganisme de publication. |
| 775 | 08|tCanadian participation in the development of EDI standards / |w(CaOODSP)9.945458 |
| 856 | 40|qPDF|s1.10 Mo|uhttps://publications.gc.ca/collections/collection_2024/isde-ised/co22/Co22-97-1990-fra.pdf |